Click the Countries that Played in the 2022 World Cup - Statistics

General Stats
  • This quiz has been taken 11 times
  • The average score is 30 of 31
Answers on the Map
Answers color-coded by a green-red scale on the quiz's map according to % correct below.
 
Answer Stats
Answer % Correct
Argentina
100%
Australia
100%
Belgium
100%
Brazil
100%
Cameroon
100%
Costa Rica
100%
Croatia
100%
Ecuador
100%
England and Wales
100%
France
100%
Germany
100%
Iran
100%
Japan
100%
Mexico
100%
Morocco
100%
Poland
100%
Saudi Arabia
100%
Serbia
100%
South Korea
100%
Spain
100%
Tunisia
100%
United States
100%
Uruguay
100%
Canada
89%
Denmark
89%
Ghana
89%
Netherlands
89%
Portugal
89%
Senegal
89%
Switzerland
89%
Qatar
44%
No matching quizzes found
Score Distribution
Percent of People with Each Score
Percentile by Number Answered
Your Score History
You have not taken this quiz